| 000 | 02220cam a2200457 i 4500 | ||
|---|---|---|---|
| 001 | 21994737 | ||
| 003 | NUST | ||
| 005 | 20220825122737.0 | ||
| 008 | 210414s2021 cau b 001 0 eng | ||
| 010 | _a 2021016165 | ||
| 020 |
_a9781523091416 _q(paperback) |
||
| 020 |
_z9781523091423 _q(adobe pdf) |
||
| 020 |
_z9781523091430 _q(epub) |
||
| 040 |
_aDLC _beng _cDLC _erda _dDLC |
||
| 042 | _apcc | ||
| 043 | _an-us--- | ||
| 050 | 0 | 0 |
_aHC110.I5 _bV55 2021 |
| 082 | 0 | 0 |
_a339.220973 _223 _bVIL |
| 100 | 1 |
_aVillanueva, Edgar, _eauthor. _995386 |
|
| 245 | 1 | 0 |
_aDecolonizing wealth : _bindigenous wisdom to heal divides and restore balance _cEdgar Villanueva ; foreword by Bishop William J. Barber II. |
| 250 | _aSecond edition. | ||
| 260 |
_aOakland, CA : _bBerrett-Koehler Publishers, _c2021 |
||
| 300 |
_axiii, 253 pages ; _c22 cm |
||
| 336 |
_atext _btxt _2rdacontent |
||
| 337 |
_aunmediated _bn _2rdamedia |
||
| 338 |
_avolume _bnc _2rdacarrier |
||
| 504 | _aIncludes bibliographical references and index. | ||
| 505 | 0 | _aPart one. Where it hurts -- Stolen and sold -- Arriving at the plantation -- House slaves -- Field hands -- The overseers -- Freedom -- Part two. Being a healer -- Medicine beyond money -- Story as medicine -- Part three. How to heal -- Grieve -- Apologize -- Listen -- Relate -- Represent -- Invest -- Repair. | |
| 520 |
_a"This second edition expands the provocative analysis of the dysfunctional colonial dynamics at play in philanthropy and finance into other sectors and offers practical advice on how anyone can be a decolonizer"-- _cProvided by publisher. |
||
| 650 | 0 |
_aIncome distribution _zUnited States. _995387 |
|
| 650 | 0 |
_aWealth _zUnited States. _982328 |
|
| 650 | 0 |
_aUnjust enrichment _zUnited States. _995388 |
|
| 650 | 0 |
_aRestitution _zUnited States. _995389 |
|
| 650 | 0 |
_aIndians of North America _zUnited States. _995390 |
|
| 650 | 0 |
_aSlavery _zUnited States. _995391 |
|
| 650 | 0 |
_aPostcolonialism _zUnited States. _995392 |
|
| 700 | 1 |
_aBarber, William J., _cII, _d1963-, _ewriter of foreword. _995393 |
|
| 906 |
_a7 _bcbc _corignew _d1 _eecip _f20 _gy-gencatlg |
||
| 942 |
_2ddc _cLC |
||
| 999 |
_c590676 _d590676 |
||